UFC FIGHTER BY PICTURE #4 - Statistics

General Stats
  • This quiz has been taken 3,656 times
  • The average score is 10 of 16
Answer Stats
Picture Answer % Correct
Sean O'Malley
95%
Johnny Walker
90%
Francis Ngannou
86%
Tom Aspinall
86%
Yoel Romero
82%
Ian Garry
79%
Cody Garbrandt
78%
Tyron Woodley
74%
Bryce Mitchell
68%
Tito Ortiz
62%
Arnold Allen
61%
Junior Dos Santos
41%
Uriah Hall
41%
Rashad Evans
37%
Andrei Arlovski
36%
Roy Nelson
35%
No matching quizzes found
Score Distribution
Percent of People with Each Score
Percentile by Number Answered
Your Score History
You have not taken this quiz